Rzeczowniki na literę A - Statystyki

Ogólne statystyki
  • Ten quiz został rozwiązany 68 razy
  • Średni wynik to 22 z 62
Statystyki odpowiedzi
Odpowiedź % Poprawnych
arbuz
78%
auto
78%
agrafka
75%
agrest
69%
aparat
69%
akt
65%
abażur
62%
aktor
62%
ananas
60%
aligator
55%
autobus
55%
akcja
53%
automat
51%
antena
49%
atrament
49%
adres
47%
artysta
47%
armata
45%
anakonda
44%
alkohol
42%
animacja
42%
anioł
42%
apaszka
42%
agresja
40%
awokado
40%
apteka
38%
atom
38%
aleja
36%
aluminium
36%
amator
36%
aplikacja
36%
adwokat
35%
akwarium
33%
akapit
31%
autor
31%
awantura
31%
atak
29%
akumulator
27%
amunicja
27%
awans
27%
apostoł
25%
adaptacja
22%
anonim
22%
atrakcja
22%
aukcja
22%
amnezja
20%
aneks
20%
argument
20%
aromat
20%
astronauta
20%
autostrada
20%
akademia
18%
areszt
18%
alergia
16%
architekt
16%
atmosfera
16%
akupunktura
15%
amfiteatr
15%
apteczka
15%
akrobata
11%
apokalipsa
7%
arystokrata
7%
Nie znaleziono quizów pasujących do podanych kryteriów
Rozkład punktacji
Procent ludzi z każdym wynikiem
Percentyl według liczby udzielonych odpowiedzi
Twoja historia wyników
Nie rozwiązałeś tego quizu